| 000 -LEADER |
| fixed length control field |
00676nam a22001937a 4500 |
| 008 - FIXED-LENGTH DATA ELEMENTS--GENERAL INFORMATION |
| fixed length control field |
131009b xxu||||| |||| 00| 0 ger d |
| 041 0# - LANGUAGE CODE |
| Language code of text/sound track or separate title |
ger |
| 080 ## - UNIVERSAL DECIMAL CLASSIFICATION NUMBER |
| Universal Decimal Classification number |
007:66 |
| 100 ## - Rafti |
| Rafti |
Kafarow, W.W. |
| 245 10 - TITLE STATEMENT |
| Title |
Kybernetische Methoden in der Chemie und chemischen Technologie / |
| Statement of responsibility, etc |
W.W. Kafarow. |
| 260 ## - |
| -- |
Berlin : |
| -- |
Verlag Chemie ; |
| -- |
1971 |
| 300 ## - |
| -- |
483 f.: |
| -- |
me il.; |
| -- |
24 cm. |
| 500 ## - |
| -- |
Vorwort des Herausgebers = [Parathënie për botuesit: f. [V]<br/><br/> |
| 500 ## - |
| -- |
<br/>Vorwort des Autors = [Parathënie për autorët: f: [VI] - VIII] |
| 505 ## - |
| -- |
Sachwortverzeichnis = [Index]: f. [477] - 483 |
| 650 #0 - |
| -- |
Kibernetika |
| 650 #0 - |
| -- |
Industritë kimike |
| 942 ## - ADDED ENTRY ELEMENTS (KOHA) |
| Source of classification or shelving scheme |
|
| Item type |
Books |